| 000 | 00866nam a2200277 i 4500 | ||
|---|---|---|---|
| 001 | 2287360 | ||
| 003 | OSt | ||
| 005 | 20230620155806.0 | ||
| 008 | 790529s1978 enkbcf b 001 0beng | ||
| 010 | _a 79305791 | ||
| 015 | _aGB*** | ||
| 020 |
_a0002164574 : _c£7.50 |
||
| 040 |
_aDLC _cDLC _dDLC |
||
| 050 | 0 | 0 |
_aJV1009.B37 _bD68 |
| 082 | 0 | 0 |
_a325/.31/0924 _aB _bHOM |
| 100 | 2 |
_aDouglas-Home, Charles, _d1937- |
|
| 245 | 0 | 0 |
_aEvelyn Baring : _bthe last proconsul / _cCharles Douglas-Home. |
| 260 |
_aLondon : _bCollins, _c1978. |
||
| 300 |
_a344 p., [4] leaves of plates : _bports., maps ; _c23 cm. |
||
| 500 | _aIncludes index. | ||
| 504 | _aBibliography: p. 336-337. | ||
| 600 | 1 | 0 |
_aBaring, Evelyn, _cSir, _d1903-1973. |
| 650 | 0 |
_aColonial administrators _zGreat Britain _xBiography. |
|
| 906 |
_a7 _bcbc _corignew _d4 _encip _f19 _gy-gencatlg |
||
| 942 |
_2ddc _cBK |
||
| 999 |
_c1893 _d1893 |
||